000
00299nam a2200121Ia 4500
008
231129s1976||||xx |||||||||||||| ||spa||
082
_a
843.5 S125jus
100
_a
Sade Marqués de 1740-1814.
245
0
_a
Justine
260
_c
1976
264
_a
Bogotá : Circulo de lectores
942
_2
ddc
_c
BKS
999
_c
16302
_d
16302